| 000 | 00387nam a2200169Ia 4500 | ||
|---|---|---|---|
| 003 | Ost | ||
| 005 | 20260225132555.0 | ||
| 008 | 260225s9999||||xx |||||||||||||| ||und|| | ||
| 020 | _a9961640829 | ||
| 040 | _cfsic | ||
| 041 | _afre | ||
| 082 | _a440 | ||
| 100 |
_aHélène Y. Meynaud _eAuteur |
||
| 245 | 0 | _aLes Sondages d'opinion / | |
| 245 | 0 | _cHélène Y. Meynaud | |
| 942 | _cكتاب | ||
| 999 |
_c34387 _d34387 |
||